Les pays les plus dangereux du monde - Statistiques

Statistiques générales
  • Ce quiz a été pris 1 143 fois
  • Le résultat moyen est 9 sur 20
Statistiques - réponses
Continent Taux de criminalité Pays % Correct
Amérique du Sud 66.13 Brésil
86%
Amérique du Sud 63.26 Colombie
82%
Amérique du sud 82.08 Venezuela
69%
Amérique du Sud 64.02 Argentine
66%
Moyen-Orient 69.08 Syrie
60%
Asie 78.44 Afghanistan
58%
Amérique du Sud 67.53 Pérou
53%
Amérique central 78.30 Haïti
46%
Afrique 65.84 Nigeria
46%
Afrique 66.70 Somalie
46%
Afrique 75.55 Afrique du sud
44%
Amérique central 74.31 Honduras
44%
Amérique du Sud 68.80 Guyane
36%
Amérique central 67.54 Jamaïque
35%
Océanie 80.38 Papouasie nouvelle guinée
29%
Afrique 65.82 Angola
23%
Afrique 64.15 Cameroun
23%
Asie 62.47 Bangladesh
21%
Afrique 64.64 Namibie
15%
Amérique central 70.76 Trinité-et-Tobago
14%
Aucun quiz correspondant
Distribution des résultats
% des personnes avec chaque résultat
Percentile par nombre de réponses
Votre historique - résultats
Vous n’avez pas pris ce quiz